00621nam a22001337a 4500008004100000040005500041080001900096245014300115260004600258300001100304942001300315999001700328952014200345230405b |||||||| |||| 00| 0 eng d aNational Science LibrarycNational Science Library a061.2(100)bJ9 aStatutes of the international council of scientific unions and of the unions federated in the council c/ The Secretary-General of ICSU,  aLondon: bThe Secretary-General of ICSU,  a124p.  2udccREP c18538d18538 00102udc4060612100_J970927398aNSLbNSLcGF/Rk-4/C-23/R-2d1968-07-01l0o061.2(100) J9p21811r2023-04-05 00:00:00w1968-07-01yREP